| 000 | 00647nam a2200205 a 4500 | ||
|---|---|---|---|
| 005 | 20240228064128.0 | ||
| 008 | 140403s2007 mx r 000 0 spa d | ||
| 020 | _a1404269924 | ||
| 035 | _aUPN01000196845 | ||
| 049 | _aI | ||
| 050 | 4 |
_aPZ7 _bCH3.8 |
|
| 100 | 1 |
_aChapman, Joan _931963 |
|
| 245 | 1 | 4 |
_aLas vacaciones de Valeria / _cJoan Chapman ; tr. de María Cristina Brusca. |
| 260 |
_aNew York : _bRosen Classroom Books & Materials, _c2007. |
||
| 300 |
_a16 p. : _bil. col. |
||
| 440 | 0 | _aLecturas del barrio ; | |
| 650 | 7 |
_aLiteratura infantil estadounidense _2 _99173 |
|
| 650 | 4 |
_aLibros y lectura para niños _92290 |
|
| 905 | _aInfantil | ||
| 999 |
_c168946 _d168946 |
||